Personnage de serie - Qui suis-je ? - Statistiques

Statistiques générales
  • Ce quiz a été pris 517 fois
  • Le résultat moyen est 3 sur 10
Statistiques - réponses
description personnage % Correct
Anti-sociale sur les bords, essaye de ressembler à une gotique. Mon meilleur ami est une main, et j'ai donnée mon premier baiser à un tueur. Mercredi / Wednesday
86%
J'aime les gaufres, mais par dessus tout j'aime rouler des galoches à mon copain et saigner du nez quand je suis obligé de protéger mes proches. Eleven
65%
Chialeuse, orpheline et en recherche d'attention. Je suis tombée amoureuse de deux frères qui rêvent de me manger, j'ai deux copines qui passent leur temps à me sauver les fesses sans aucune reconnaissance de ma part. Elena Gilbert
42%
J'habite dans une maison dégueulasse, avec un père névrosé, une mère tyrannique, un grand frère complétement débile et un petit frère accro au sucre. Malcolm
33%
Si l'on devait élire le pire père de l'année, ce serait moi. Je laisse ma fille aînée élever mes enfants parce que je préfère passer mon temps à me bourrer la tronche au bar. Frank Gallagher
17%
J'aurais aimé être le super-héros, mais finalement, c'est plus drôle d'incarner le méchant. J'apprécie le lait, en particulier maternel, et si je pouvais, je coucherais avec moi-même. Le protecteur / Homelander
17%
Selon moi, je suis le meilleur patron du monde, mais selon mes employés, je suis le pire. Je me ridiculise en permanence, et lorsque les choses ne vont pas bien, je me console en dévorant trois kilos de crème glacée. Michael Scott
14%
J'ai toujours la morve au nez, je suis avocate pourtant je me retrouve toujours avec un cadavre sur les bras. Annalise Keating
10%
Je suis morte, mais par chance je me retrouve au paradis alors que je suis une horrible personne. Eleanor Shellstrop
8%
Misogyne, sexiste et alcoolique. J'ai du héberger mon raté de frère et son débile de fils. Charlie Harper
5%
Aucun quiz correspondant
Distribution des résultats
% des personnes avec chaque résultat
Percentile par nombre de réponses
Votre historique - résultats
Vous n’avez pas pris ce quiz